000 00438nam a2200181Ia 4500
001 4841
003 IN-NITTTR
005 20251114233003.0
008 251113s9999||||xx |||||||||||||| ||eng||
040 _beng
040 _cIN-NITTTR
041 _aeng
082 _a681.7668 B775I
100 _aBriston, J. H.
245 0 _aIntroduction to plastics. /
_cBriston, J. H., Gosselin, C. C.
700 _a Gosselin, C. C.
942 _2ddc
_cBK
999 _c7478
_d7478